Korupčné správanie na Slovensku v období 2007-2009 a jeho porovnanie s ostatnými krajinami EÚ

Korupcia - výrazný spoločenský problém. Jedným zo spôsobov boja proti tomuto fenoménu je vnímanie korupcie a monitorovanie korupcie - Index vnímania korupcie (CPI). CPI na Slovensku je vyjadrovaný od r. 1998. Hodnoty CPI v rokoch 2007-2009 v krajinách EÚ 27.

Gespeichert in:
Bibliographische Detailangaben
1. Verfasser: Vongrej, Marián
Format: Buchkapitel
Sprache:Slowakisch
Schlagworte:
Tags: Tag hinzufügen
Keine Tags, Fügen Sie das erste Tag hinzu!

MARC

LEADER 00000nla$a2200000$$$4500
001 0110538
005 20240502072224.7
041 0 |a slo 
044 |a SK 
245 1 0 |a Korupčné správanie na Slovensku v období 2007-2009 a jeho porovnanie s ostatnými krajinami EÚ  |c Marián Vongrej 
520 |a Korupcia - výrazný spoločenský problém. Jedným zo spôsobov boja proti tomuto fenoménu je vnímanie korupcie a monitorovanie korupcie - Index vnímania korupcie (CPI). CPI na Slovensku je vyjadrovaný od r. 1998. Hodnoty CPI v rokoch 2007-2009 v krajinách EÚ 27. 
610 2 0 |a korupcia 
610 2 0 |a indexy 
610 2 0 |a indexy súhrnné 
610 2 0 |a Európska únia 
610 2 0 |a Slovensko 
100 1 |a Vongrej, Marián